Normal view MARC view

Entry Nombre personal

Number of records used in: 33

001 - NÚMERO DE CONTROL

  • campo de control: 24368

003 - IDENTIFICADOR DE NÚMERO DE CONTROL

  • campo de control: OSt

005 - FECHA Y HORA DE LA ÚLTIMA TRANSACCIÓN

  • campo de control: 20240419102228.0

008 - ELEMENTOS DE DATO DE LONGITUD-FIJA

  • campo de control de longitud fija: 920424 n acnnnaaan n ann d

024 7# - IDENTIFICADOR DE OTROS ESTÁNDARES

  • Fuente: VAIF, 19-04-2024
  • Número estándar o código: http://viaf.org/viaf/39907

040 ## - FUENTE DE CATALOGACIÓN

  • Centro catalogador/agencia de origen: OSt
  • Centro/agencia transcriptor: OSt

100 1# - ENCABEZAMIENTO-NOMBRE DE PERSONA

  • Nombre de persona: Azúa, Félix de,
  • Fechas asociadas al nombre: 1944-